Quizzes
Events
Quiz Creation
Community
Videos
Private Events
Remove Ads
Sign In
Join for FREE
Feedback
Dark Mode
Quiz Categories
Sports
Geography
Music
Movies
Television
Just For Fun
Miscellaneous
History
Literature
Language
Science
Gaming
Entertainment
Religion
Holiday
For Kids
Quiz Lab
Recent
Popular Today
Quiz Kudos Today
Editor Picks
Curator Picks
Quizzes by...
Day
Popularity
Type
Ratings
Length
Year
Community
Subscriptions
Recent Discussions
Orange Saloon
Badges
Playlists
Quests
Create
Leaderboards
Showdown
Live 5
Trivia Bingo
Activity
Puzzle Library
Sporcle Events
Private Events
Virtual Trivia
Globe League
Become a Host
Pub Owners
SporcleCon
Opinionation
Our Games
Videos
Blog
Mobile Apps
Partnerships
Remove Ads and Go Orange
Feedback
Music
Pop Music
The Beatles
Song
Album
Lyrics
Bands
Singers
Artist
Clip
Rock
Rap
Classical
Billboard
Country Music
Kpop
Taylor Swift
Music
Pop Music
The Beatles
Song
Album
Lyrics
Bands
Singers
Artist
Clip
Rock
Rap
Classical
Billboard
Country Music
Kpop
Taylor Swift
Random Quiz
Search Sporcle
×
Quiz Lab
Quiz Lab
Music
mcr
Type in answers that appear in a list
Type in answers that appear in a list
Classic
Best Score? Go Orange.
'The Ghost of You' Lyrics by My Chemical Romance Stats
Can you name the 'The Ghost of You' Lyrics by My Chemical Romance?
By
mycaruba
9m
242 Questions
1,437 Plays
1,437 Plays
1,437 Plays
Comments
Comments
Give Quiz Kudos
Give Quiz Kudos
-
- Ratings
hide this ad
Replay
Link that replays current quiz
Next Quiz
Link to next quiz in quiz playlist
You Got
0%
They Got
Avg Score
92%
Avg Friend Score
Upgrade to see
Score Distribution
Jump to the score distribution portion of the page
Score
0/242
Timer
09:00
0
Plays Today
% Correct
I
99.6%
I
99.6%
I
99.6%
I
99.6%
I?
99.6%
I?
99.6%
I
99.6%
I
99.6%
I?
99.6%
I?
99.6%
I?
99.6%
I?
99.6%
I
99.6%
I
99.6%
I
99.6%
I?
99.6%
I?
99.6%
never
99%
never
99%
never
99%
never
99%
never
99%
never
99%
never
99%
never
99%
Never
99%
never
99%
Never
99%
Never
99%
Never
99%
Never
99%
never
99%
Never
99%
never
99%
and
97.4%
And
97.4%
And
97.4%
And
97.4%
And
97.4%
And
97.4%
And
97.4%
And
97.4%
And
97.4%
the
97%
the
97%
the
97%
the
97%
the
97%
the
97%
the
97%
the
97%
the
97%
the
97%
the
97%
the
97%
the
97%
the
97%
the
97%
the
97%
the
97%
the
97%
the
97%
the
97%
the
97%
For
96.8%
For
96.8%
For
96.8%
You
96.6%
you
96.6%
You
96.6%
you
96.6%
You
96.6%
you
96.6%
home
95.6%
home
95.6%
home
95.6%
home
95.6%
home
95.6%
home
95.6%
home
95.6%
home
95.6%
% Correct
home
95.6%
home
95.6%
home
95.6%
home
95.6%
coming
95.3%
coming
95.3%
coming
95.3%
coming
95.3%
coming
95.3%
coming
95.3%
coming
95.3%
coming
95.3%
coming
95.3%
coming
95.3%
coming
95.3%
coming
95.3%
said
95.2%
lie
94.7%
thing
94.4%
thing
94.4%
thing
94.4%
forever
94.2%
of
94.2%
ever
94.2%
ever
94.2%
ever
94.2%
Ever
94.2%
of
94.2%
of
94.2%
ever
94.2%
ever
94.2%
ever
94.2%
of
94.2%
ever
94.2%
ever
94.2%
ever
94.2%
I'd
94.2%
are
93.7%
are
93.7%
are
93.7%
are
93.7%
are
93.7%
are
93.7%
are
93.7%
are
93.7%
are
93.7%
are
93.7%
all
93.3%
all
93.3%
all
93.3%
all
93.3%
all
93.3%
all
93.3%
all
93.3%
all
93.3%
all
93.3%
all
93.3%
all
93.3%
me
93.2%
me
93.2%
me
93.2%
me
93.2%
me
93.2%
me
93.2%
me
93.2%
me
93.2%
could
93%
Could
93%
Could
93%
Could
93%
Could
93%
If
92.6%
If
92.6%
If
92.6%
wait
92.6%
that
92.6%
that
92.6%
that
92.6%
that
92.6%
that
92.6%
that
92.6%
% Correct
that
92.6%
that
92.6%
that
92.6%
that
92.6%
see
92.3%
see
92.3%
see
92.3%
Should
92.3%
Should
92.3%
Should
92.3%
Should
92.3%
last
92%
last
92%
At
91.9%
At
91.9%
At
91.9%
At
91.9%
be
91.5%
end
91.5%
end
91.5%
she
91.4%
She
91.4%
She
91.4%
world
90.7%
world
90.7%
world
90.7%
together
90.4%
told
88.7%
told
88.7%
told
88.7%
we'd
86.7%
things
85.9%
things
85.9%
things
85.9%
my
85.8%
my
85.8%
try
85%
gonna
84.9%
gonna
84.9%
gonna
84.9%
gonna
84.9%
gonna
84.9%
gonna...
84.9%
But
84.2%
her
84.1%
top
83.9%
dies
83.4%
dies
83.4%
lungs
83.1%
or
83%
Or
83%
Or
83%
in
82.8%
just
82.3%
can't
82%
forget
81%
ghosts
80.9%
ghosts
80.9%
always
80.8%
now
79.8%
arms
79.5%
haunt
78.4%
haunt
78.4%
remember
78.1%
get
77.7%
feeling
77.2%
alone
76.6%
died
76.3%
fall
76.3%
fall
76.3%
you're
74%
smiles
73.6%
smiles
73.6%
smiles
73.6%
scar
72.7%
scar
72.7%
catch
72.5%
(down)
69.5%
wounds
66.5%
wounds
66.5%
Quiz Playlist
Details
Report
Send in Message
Add To Playlist
Classic:
Type in answers that appear in a list
Last Updated: Apr 15, 2017
Quiz Scoreboard
CHALLENGE
Sign Up to Join the Scoreboard
Show All
Scores
Hide
Comments
May contain spoilers
Recently Published
Movies - When Are They Set?
by FPL_Elf
Movies
5m
Popular People in 1961
by mucciniale
History
6m
1-10 Letter E Words III
by El_Dandy
Language
2m
More to Explore
Quiz From the Vault
Featured Blog Post
Where Did the Easter Bunny Come From?
hide this ad
You Might Also Like...
Tags
emo
Emo Band
Figure Out the Lyrics
mcr
My Chemical Romance
Pop Punk
Today's Top Quizzes in Music
Browse Music
hide this ad
Top Contributed Quizzes in Music
1
Taylor Swift All Songs (2024)
2
2010s Album by Cover III
3
One Thing in Common: Music
4
Guess the Artist- 70s Songs
5
Taylor Swift Logic Puzzle
6
Guess the Taylor Swift song (Mystery Song)
7
2010s Album by Cover IV
8
2010s Album by Cover V
9
KPOP LOGIC QUIZ
10
2010s Album by Cover VI
Explore More
Trending Topics
Anime
Disney
Crossword
Kpop
NBA
Marvel
Harry Potter
Country
Soccer
Song
NFL
Pokémon
Puzzle
The Office
WWE
hide this ad
More By:
mycaruba
Quiz
Plays
Rating
Category
Featured
Created
Steven Universe 'Here Comes A Thought' lyrics
3,390
5.00
Music
Aug 29, 2016
'But It's Better If You Do' Panic! At The Disco lyrics
1,929
4.78
Music
Aug 29, 2016
'We Are The Crystal Gems' Steven Universe Lyrics
1,589
4.86
Music
Aug 31, 2016
'Alone Together' lyrics by Fall Out Boy
1,489
5.00
Music
Aug 9, 2016
'The Ghost of You' Lyrics by My Chemical Romance
1,437
5.00
Music
Aug 1, 2016
Go to Creator's Profile
Score Distribution
Quiz Creator Spotlight
mycaruba
Follow
Send a Message
Quizzes Created
-
Created Quiz Play Count
-
More By This Creator
Popular Quizzes Today
1
Find the Countries of Europe - No Outlines Minefield
2
Find the US States - No Outlines Minefield
3
The Countries of the World
4
Popular People in 1961
5
US States
6
1-10 Letter E Words III
7
Find the US States
8
One Thing in Common: World Cities II
More Music Quizzes
Billboard's Top 100 Albums of the 2000s
Published
Trending Quizzes
Risky Map Clicking: Least Populous States A-Z
1-10 Letter F Words
Humor Books: The Subtitles
1-10 Letter G Words
One Thing in Common: United Kingdom
Recently Updated
Leaping Animals
pecheneg
Reality TV Shows (A-Z)
bhenderson79
Rickey Henderson's Hall of Fame Teammates
pecheneg
Champions League XIs: Arsenal
pecheneg
Quick Pick: Celebrities in WWE's Hall of Fame
aduchscher
A-Z Keypad Blitz II
pecheneg
Multiple Oscar Actors
pecheneg
Mystery Phrase Blitz: Oscar 'Best Actors'
pecheneg
F. Scott Fitzgerald Novels
LTH
Pick 3 Villains
ddd62291
Trending Topics
Kpop
Crossword
Anime
NBA
Marvel
Disney
Harry Potter
NFL
Puzzle
Soccer
WWE
The Office
Country
Song
Pokémon
Your Account Isn't Verified!
In order to create a playlist on Sporcle, you need to verify the email address you used during registration. Go to your
Sporcle Settings
to finish the process.
Report this User
Report this user for behavior that violates our
Community Guidelines
.
Details:
Send Report
Go to the Sporcle.com Mobile Site →
Comments